000 01972nam a2200253 a 4500
001 BRCA_8802
005 20190320210422.0
008 210417s1754----sp-#######---#000-0#spa-#
041 _aspa
044 _asp
084 _aBE184
_b.P58 1754
100 1 _aPluche, Noël Antoine
_d1688-1761
_921346
245 1 0 _aEspectáculo de la naturaleza o conversaciones acerca de las particularidades de la historia natural, que han parecido más a propósito para excitar una curiosidad útil y formarles la razón a los jóvenes lectores
_bparte sexta, que contiene lo que pertenece al hombre en sociedad
_cescrito en idioma francés por el Abad M. Pluche; y traducido al castellano por el P. Estevan de Terreros y Pando; Dedicado a la reyna nuestra señora Doña María Barbara; Tomo undécimo.
260 _aMadrid
_bEn la Oficina de D. Gabriel Ramírez
_c1754
300 _a[2], 397 p. (t.11)
_c19 x 13.7 cm.
500 _aEstado físico: presenta encuadernación en pergamino con cintas rotas
500 _aCon marca de fuego: “Procedencia de la marca: Colegio Jesuita de San Francisco Xavier de la Ciudad de Querétaro (1). Institución: Provincia Mexicana de la Compañía de Jesús. Descripción: Iniciales S. Xr. Q. que se desata como S[an] X[avie]r [de] Q[uerétaro.]. Observaciones: A falta de un testimonio de pertenencia se hace la atribución de la marca en función a la realizada por David Saavedra Vega. Se espera localizar otro ejemplar que corrobore esta atribución. Ubicación de la marca en el libro: Canto superior”
505 0 _aContenido: t.11, Que contiene lo que pertenece al hombre en sociedad
650 1 4 _aCiencias naturales
_yObras anteriores a 1800
_921347
700 1 _aTerreros y Pando, Esteban de
_d1707-1782
_etr.
_921940
856 _ahttp://www.marcasdefuego.buap.mx:8180/xmLibris/projects/firebrand/item.jsp?repository=marcas_de_fuego&key=marcas_de_fuego_marcas_de_fuego_20151006120916_4064.xml&num=5
902 _aCFM
942 _2lcc
_cB
999 _c8453
_d8453